Mukkal kural (Record no. 1050348)

MARC details
000 -LEADER
fixed length control field 00620nam a2200241Ia 4500
003 - CONTROL NUMBER IDENTIFIER
control field OSt
005 - DATE AND TIME OF LATEST TRANSACTION
control field 20221005124413.0
008 - FIXED-LENGTH DATA ELEMENTS--GENERAL INFORMATION
fixed length control field 221004b |||||||| |||| 00| 0 asm d
037 ## - SOURCE OF ACQUISITION
Terms of availability Textual
040 ## - CATALOGING SOURCE
Original cataloging agency CRL
Transcribing agency CRL
Language of cataloging asm
041 ## - LANGUAGE CODE
Source of code asm
Language code of text/sound track or separate title asm
100 ## - MAIN ENTRY--PERSONAL NAME
Personal name Bhattachaaya B Au.
9 (RLIN) 635157
245 #0 - TITLE STATEMENT
Title Mukkal kural
260 ## - PUBLICATION, DISTRIBUTION, ETC.
Date of publication, distribution, etc. 1989
300 ## - PHYSICAL DESCRIPTION
Extent 336p.
Dimensions cm.
650 ## - SUBJECT ADDED ENTRY--TOPICAL TERM
Topical term or geographic name entry element ASSAMESE LITERATURE
9 (RLIN) 11738
942 ## - ADDED ENTRY ELEMENTS (KOHA)
Classification part O158,3N24,1, 31M9
Koha item type Textual
Source of classification or shelving scheme
Holdings
Withdrawn status Lost status Damaged status Not for loan Home library Current library Date acquired Total Checkouts Full call number Barcode Date last seen Price effective from Koha item type Public note
        Central Library Central Library 2022-10-05   O158,3N24,1 31M9 CL1062562 2022-10-05 2022-10-05 Textual translated from assamee to tamil
Copyright @ Delhi University Library System